书目信息 |
| 题名: |
土木工程概论
|
|
| 作者: | 杨春峰 , 夏栋舟 主编 | |
| 分册: | ||
| 出版信息: | 北京 中国建材工业出版社 2016.12 |
|
| 页数: | 278页 | |
| 开本: | 26cm | |
| 丛书名: | ||
| 单 册: | ||
| 中图分类: | TU-43 | |
| 科图分类: | ||
| 主题词: | 土木工程--高等学校--教材 | |
| 电子资源: | ||
| ISBN: | 978-7-5160-1708-1 | |
| 000 | 01074nam0 2200277 450 | |
| 001 | 2337478333 | |
| 005 | 20230327102609.81 | |
| 010 | @a978-7-5160-1708-1@dCNY42.00 | |
| 090 | @aTU-4@bycf | |
| 096 | @aTU-4@bycf | |
| 100 | @a20170605d2016 em y0chiy50 ea | |
| 101 | 0 | @achi |
| 102 | @aCN@b110000 | |
| 105 | @aa z 000yy | |
| 200 | 1 | @a土木工程概论 @f杨春峰,夏栋舟主编 @9tu mu gong cheng gai lun |
| 205 | @a2版 | |
| 210 | @a北京@c中国建材工业出版社@d2016.12 | |
| 215 | @a278页@c图@d26cm | |
| 300 | @a21世纪高等院校土木与建筑专业“十三五”规划教材 | |
| 330 | @a本书共分15章,分别为绪论,土木工程发展简史,土木工程材料,工程结构设计的基本概念和方法,建筑工程,道路工程,桥梁工程,地下工程,铁路、港口和飞机场工程,水利工程,给排水工程,工程灾害及防治,土木工程建设,计算机在土木工程中的应用,我国土木工程发展的热点问题。 | |
| 606 | 0 | @a土木工程@x高等学校@j教材 |
| 690 | @aTU-43@v5 | |
| 701 | 0 | @a杨春峰@f(1973~)@4主编@9yang chun feng |
| 701 | 0 | @a夏栋舟@f(1979~)@4主编@9xia dong zhou |
| 801 | 0 | @aCN@b河南城建学院图书馆@c20170605 |
| 905 | @dTU-43@eY151=2 | |
| 土木工程概论 /杨春峰,夏栋舟主编 .-2版.-北京:中国建材工业出版社,2016.12 |
| 278页:图;26cm |
| 21世纪高等院校土木与建筑专业“十三五”规划教材 |
| ISBN 978-7-5160-1708-1:CNY42.00 |
| 本书共分15章,分别为绪论,土木工程发展简史,土木工程材料,工程结构设计的基本概念和方法,建筑工程,道路工程,桥梁工程,地下工程,铁路、港口和飞机场工程,水利工程,给排水工程,工程灾害及防治,土木工程建设,计算机在土木工程中的应用,我国土木工程发展的热点问题。 |
| ● |
| 相关链接 |
|
|
|
正题名:土木工程概论
索取号:TU-43/Y151=2
 
预约/预借
| 序号 | 登录号 | 条形码 | 馆藏地/架位号 | 状态 | 备注 |
| 1 | 1504130 | 215041309 | 建筑库101/101建筑库 11排3列2层/ [索取号:TU-43/Y151=2] | 在馆 |